Evolution de l'Union Européenne sur une carte - Statistiques

Statistiques générales
  • Ce quiz a été pris 747 fois
  • Le résultat moyen est 29 sur 33
Réponses sur la Carte
Les réponses sont colorées sur une échelle allant du rouge au vert en fonction du pourcentage des utilisateurs qui les ont devinées à leur premier essai. Vous pouvez retrouver ces pourcentages ci-dessous.
 
Statistiques - réponses
Pays % Correct
Création (1957) F{rance}
99%
Création (1957) B{elgique}
98%
Création (1957) I{talie}
98%
Rejoint (1973) D{anemark}
97%
Création (1957) L{uxembourg}
96%
Rejoint (1986) E{spagne}
95%
Rejoint (1986) P{ortugal}
95%
Réunification d'un pays (1990) A{llemagne}
94%
Rejoint (1981) G{rèce}
93%
Rejoint (1973) I{rlande}
93%
Création (1957) P{ays-Bas}
93%
Dislocation, création de 6 pays (1991-1992) Y{ougoslavie}
92%
Rejoint (1995) F{inlande}
91%
Rejoint (1995) S{uède}
91%
Création (1957) A{llemagne de l'Ouest}
89%
Rejoint (1973) R{oyaume-Uni}
89%
Dislocation, création de 7 pays en Europe (1991) U{nion Soviétique}
89%
Rejoint (2004) S{lovaquie}
88%
Rejoint (1995) A{utriche}
86%
Rejoint (2004) L{ituanie}
85%
Rejoint (2004) P{ologne}
85%
Dislocation, création de 2 pays (1992) T{chécoslovaquie}
85%
Rejoint (2004) H{ongrie}
83%
Rejoint (2004) M{alte}
82%
Rejoint (2004) L{ettonie}
81%
Rejoint (2004) E{stonie}
80%
Rejoint (2004) C{hypre}
77%
Rejoint (2004) S{lovénie}
76%
Rejoint (2007) R{oumanie}
75%
Rejoint (2013) C{roatie}
74%
Rejoint (2007) B{ulgarie}
73%
Quitte (2020) R{oyaume-Uni}
73%
Rejoint (2004) T{chéquie}
68%
Aucun quiz correspondant
Distribution des résultats
% des personnes avec chaque résultat
Percentile par nombre de réponses
Votre historique - résultats
Vous n’avez pas pris ce quiz